| 000 | 00874nam 22003133 4500 | ||
|---|---|---|---|
| 001 | 199978 | ||
| 010 | _a972-662-134-8 | ||
| 021 |
_aPT _b26755/89 |
||
| 090 | _a199978 | ||
| 100 | _a20260116d u||y0pory50 ba | ||
| 101 | _apor | ||
| 102 | _aPT | ||
| 200 |
_aCiência, ordem e criatividade _fDavid Bohm, F. David Peat _gtradução Jorge da Silva Branco |
||
| 205 | _a1ª | ||
| 210 |
_aLisboa _cGradiva _dD.L 1989 |
||
| 215 |
_a365, [1] p. _cil. ; brochado _d21 cm |
||
| 225 |
_aCiência aberta _v34 |
||
| 606 |
_912746 _aFísica |
||
| 610 | _aCiência | ||
| 610 | _aCriatividade | ||
| 675 |
_a159.9 _vPT _zpor |
||
| 675 |
_a53 _vPT _zpor |
||
| 675 |
_a165 _vPT _zpor |
||
| 700 |
_94744 _aBöhm _bJorge _f1938- |
||
| 701 |
_915803 _aPeat _bFrancis David _f1938-2017 |
||
| 702 |
_915607 _aBranco _bJorge da Silva |
||
| 801 |
_aPT _bBMMN _gRPC |
||
| 830 |
_cAna _fAna |
||
| 990 | _cLIVROS | ||